Digitalizácia obstarávacích procesov cez elektronické aukcie

Popis významu elektronických aukcií a skúmanie objemov realizácie výberových konaní. Na základe deskriptívnej štatistiky sú v príspevku popísané základné javy a parametre elektronických aukcií využívaných v podnikovej praxi.

Gespeichert in:
Bibliographische Detailangaben
1. Verfasser: Ševčík, Jakub, 1995-
Format: Buchkapitel
Sprache:Slowakisch
Schlagworte:
Tags: Tag hinzufügen
Keine Tags, Fügen Sie das erste Tag hinzu!

MARC

LEADER 00000naa$a2200000$$$4500
001 0280249
005 20240502074340.5
041 0 |a slo 
044 |a SK 
245 1 0 |a Digitalizácia obstarávacích procesov cez elektronické aukcie  |c Jakub Ševčík 
520 |a Popis významu elektronických aukcií a skúmanie objemov realizácie výberových konaní. Na základe deskriptívnej štatistiky sú v príspevku popísané základné javy a parametre elektronických aukcií využívaných v podnikovej praxi. 
610 2 0 |a aukcie 
610 2 0 |a nákup elektronický 
610 2 0 |a obchod elektronický 
610 2 0 |a digitalizácia 
100 1 |a Ševčík, Jakub, 1995-